ქართული სალიტერატურო ენის ლექსიკის განვითარება საბჭოთა პერიოდში : (ბიბ.ჩანაწერი № 54652)
[ მარტივი ფორმატი ]
| 000 -ლიდერი | |
|---|---|
| ფიქსირებული სიგრძის საკონტროლო ველი | 01388nam a2200241Ia 4500 |
| 001 - საკონტროლო ნომერი | |
| საკონტროლო ველი | 21719 |
| 003 - საკონტროლო ნომრის იდენტიფიკატორი | |
| საკონტროლო ველი | GE_BSU |
| 005 - ბოლო ოპერაციის თარიღი და დრო | |
| საკონტროლო ველი | 20211217174410.0 |
| 008 - ფიქსირებული სიგრძის მონაცემთა ელემენტები - ზოგადი ინფორმაცია | |
| ფიქსირებული სიგრძის საკონტროლო ველი | 181216s ||||ge |||||||||||||| ||geo|| |
| 040 ## - კატალოგიზაციის წყარო | |
| Transcribing agency | GE_BSU |
| 041 ## - ენის კოდი | |
| Language code of text/sound track or separate title | geo |
| 080 ## - უნივერსალური ათობითი კლასიფიკაციის ინდექსი | |
| Universal Decimal Classification number | 811.353.1-26(075.8) შ-19 |
| 100 ## - მთავარი ჩანაწერი - პიროვნების სახელი | |
| Personal name | შალვაშვილი, ლ. |
| 9 (RLIN) | 13303 |
| 245 ## - ცნობა სათაურის შესახებ | |
| Title | ქართული სალიტერატურო ენის ლექსიკის განვითარება საბჭოთა პერიოდში : |
| Remainder of title | დამხმ. სახელმძღვ. პედ. ინსტიტუტის ფილოლოგიის ფაკ-ტის სტუდენტებისათვის / |
| Statement of responsibility, etc | ლ. შალვაშვილი ; რედ. ე. პოლოლიკაშვილი. |
| 264 ## - წარმოების, გამოცემის, დისტრიბუციის და სხვა ცნობები | |
| გამოცემის, წარმოების, დისტრიბუციის... ადგილი | თბილისი : |
| გამოცემის, წარმოების, დისტრიბუციის... სახელწოდება | განათლება, |
| გამოცემის, წარმოების, დისტრიბუციის... თარიღი | 1986. |
| 300 ## - ფიზიკური აღწერა | |
| Extent | 330 გვ. ; |
| Dimensions | 20 სმ. |
| 504 ## - BIBLIOGRAPHY, ETC. NOTE | |
| Bibliography, etc | ბიბლიოგრაფია გვ. : 342-346 |
| 653 ## - INDEX TERM--UNCONTROLLED | |
| Uncontrolled term | ქართული ენა |
| 653 ## - INDEX TERM--UNCONTROLLED | |
| Uncontrolled term | ქართული სალიტერატურო ენის ლექსიკის განვითარება საბჭოთა პერიოდში |
| 700 ## - ADDED ENTRY--PERSONAL NAME | |
| Personal name | პოლოლიკაშვილი, ე. |
| Relator term | რედაქტორი |
| 9 (RLIN) | 13304 |
| 942 ## - ADDED ENTRY ELEMENTS (KOHA) | |
| Koha item type | წიგნი |
| Source of classification or shelving scheme | |
| ჩამოწერის სტატუსი | დაკარგული ეგზემპლარის სტატუსი | კლასიფიკაციის წყარო ან თაროზე გაწყობის სქემა | დაზიანების სტატუსი | არ გაიცემა | მუდმივი მდებარეობა (დაცვის ადგილი) | ამჟამინდელი ადგილსამყოფელი | თაროზე განთავსების ადგილი | შეძენის თარიღი | ღირებულება, შესყიდვის ნორმალური ფასი | სრული შენახვის შიფრი | შტრიხკოდი | ბოლო ოპერაციის თარიღი | ეგზემპლარის მიმდევრობითი ნომერი (კეტერი?) | ფასის ძალაში შესვლის თარიღი | ეგზემპლარის სახეობა | საჯარო შენიშვნა |
|---|---|---|---|---|---|---|---|---|---|---|---|---|---|---|---|---|
| ბათუმის შოთა რუსთაველის სახელმწიფო უნივერსიტეტის მთავარი ბიბლიოთეკა | ბათუმის შოთა რუსთაველის სახელმწიფო უნივერსიტეტის მთავარი ბიბლიოთეკა | წიგნსაცავი | 2018-12-17 | 1.50 | 811.353.1-26(075.8) შ-19 | 55882 | 2018-12-17 | 55882 | 2018-12-17 | წიგნი | 1.50 ₾. | |||||
| ბათუმის შოთა რუსთაველის სახელმწიფო უნივერსიტეტის მთავარი ბიბლიოთეკა | ბათუმის შოთა რუსთაველის სახელმწიფო უნივერსიტეტის მთავარი ბიბლიოთეკა | წიგნსაცავი | 2018-12-17 | 1.50 | 811.353.1-26(075.8) შ-19 | 55883 | 2018-12-17 | 55883 | 2018-12-17 | წიგნი | 1.50 ₾. | |||||
| ბათუმის შოთა რუსთაველის სახელმწიფო უნივერსიტეტის მთავარი ბიბლიოთეკა | ბათუმის შოთა რუსთაველის სახელმწიფო უნივერსიტეტის მთავარი ბიბლიოთეკა | წიგნსაცავი | 2018-12-17 | 1.50 | 811.353.1-26(075.8) შ-19 | 55884 | 2018-12-17 | 55884 | 2018-12-17 | წიგნი | 1.50 ₾. | |||||
| ბათუმის შოთა რუსთაველის სახელმწიფო უნივერსიტეტის მთავარი ბიბლიოთეკა | ბათუმის შოთა რუსთაველის სახელმწიფო უნივერსიტეტის მთავარი ბიბლიოთეკა | წიგნსაცავი | 2018-12-17 | 1.50 | 811.353.1-26(075.8) შ-19 | 55885 | 2018-12-17 | 55885 | 2018-12-17 | წიგნი | 1.50 ₾. | |||||
| ბათუმის შოთა რუსთაველის სახელმწიფო უნივერსიტეტის მთავარი ბიბლიოთეკა | ბათუმის შოთა რუსთაველის სახელმწიფო უნივერსიტეტის მთავარი ბიბლიოთეკა | წიგნსაცავი | 2018-12-17 | 1.50 | 811.353.1-26(075.8) შ-19 | 55886 | 2018-12-17 | 55886 | 2018-12-17 | წიგნი | 1.50 ₾. | |||||
| ბათუმის შოთა რუსთაველის სახელმწიფო უნივერსიტეტის მთავარი ბიბლიოთეკა | ბათუმის შოთა რუსთაველის სახელმწიფო უნივერსიტეტის მთავარი ბიბლიოთეკა | წიგნსაცავი | 2018-12-17 | 1.50 | 811.353.1-26(075.8) შ-19 | 55887 | 2018-12-17 | 55887 | 2018-12-17 | წიგნი | 1.50 ₾. |
